00822cam a2200253 a 4500001000800000005001700008008004100025010001700066020001500083040002500098050002000123082002200143245005500165260003100220300002900251500002000280500002800300504003200328650003100360700002400391942001200415999001700427952012400444470017719920720085753.5820409s1981 enka b 001 0 eng  a 82111272  a8120327179 aDLCcDLCdDLCdOCoLC00aHF5548.2b.B83400a025.0665219bNII00aUnderstandig Business information systems /cNiit. aNew Delhi :bPHI,cc.2005. a202 p. :bill. ;c31 cm. aIncludes index. aEasten Economy Edition. aBibliography: p. [395]-435. 0aBusinessxData processing.1 aPappenheim, Anne E. 2ddccBB c10787d10787 00102ddc40708AlahramaMAINbMAINcLOWd2009-02-10g78.00h6457l0o025.0665 NIIp000014654r2025-07-15 00:00:00yBB